| 000 | 00944nam a2200205 a 4500 | ||
|---|---|---|---|
| 003 | 0 | ||
| 005 | 20250313142017.0 | ||
| 008 | 090710s19uu xx 00 eng d | ||
| 050 |
_aPHS DS 689.M2 _b.N991 2009 |
||
| 100 | _aNuyda, Ayni Cruz. | ||
| 245 |
_aTo what extent were the physical transformations on the historical sites in Manila during the turn of the century (1900-2000) caused by political, economic, and cultural development? / _cAyni Cruz Nuyda. |
||
| 260 |
_aLas PiƱas City, Philippines : _bSouthville International School and Colleges, _c2009. |
||
| 300 |
_a73 pages : _bcolored illustrations ; _c28 cm. |
||
| 504 | _aIncludes bibliographical references. | ||
| 650 |
_aHistoric sites _zPhilippines _zManila. |
||
| 650 |
_aArchitecture _xConservation and restoration _zPhilippines _zManila. |
||
| 650 |
_aManila (Philippines) _xPolitics and government. |
||
| 651 |
_aManila (Philippines) _xHistory _y20th century. |
||
| 942 |
_2lcc _cPASS |
||
| 999 |
_c98263 _d98263 |
||